000 00849nam a2200253 i 4500
001 15719
003 ES-MaACL
005 20230906151134.0
007 t|
008 000504s1999 sp ||||0| spa
020 _a84-87136-91-5
080 _a904(460.288)
100 1 _aGamo Parras, Blanca.
_953803
245 1 3 _aLa antigüedad tardía en la provincia de Albacete /
_cBlanca Gamo Parras.
260 _aAlbacete :
_bInstituto de Estudios Albacetenses,
_c[1999]
300 _a382 p. :
_bil. ;
_c22 cm.
490 1 _aSerie I-Estudios ;
_v107
650 _aExcavaciones arqueológicas-
_zAlbacete (Provincia)
_912634
651 4 _aAlbacete (Provincia)-
_xRestos arqueológicos.
_97641
710 2 _aInstituto de Estudios Albacetenses.
_94884
830 1 _aSerie I-Estudios ;
_v107
_9179228
852 _aES-MaACL
_jL-23124
999 _c15719
_d15719